[Event "Tashkent FIDE GP"]
[Site "Tashkent"]
[Date "2014.10.22"]
[Round "2"]
[White "Vachier Lagrave, Maxime"]
[Black "Kasimdzhanov, Rustam"]
[Result "1-0"]
[WhiteElo "2757"]
[BlackElo "2706"]
[Annotator "Szabo,Kr"]
[PlyCount "71"]
[EventDate "2014.10.21"]
[EventType "tourn"]
[EventRounds "11"]
[EventCountry "UZB"]
[EventCategory "21"]
[SourceTitle "CBM 163"]
[Source "ChessBase"]
[SourceDate "2014.11.11"]
[SourceVersion "1"]
[SourceVersionDate "2014.11.11"]
[SourceQuality "1"]

1. e4 e5 2. Nf3 Nc6 3. Bb5 Nf6 4. d3 Bc5 5. Nbd2 d6 6. O-O Bd7 (6... O-O {
is the real main move, but Kasimdzhanov wanted to avoid the Bxc6 line.}) 7. c3
O-O 8. Nc4 h6 $6 {A typical move in this type of position, but now I think
this is an inaccuracy.} ({Six years ago Sargissian played} 8... a6 {against
Vachier Lagrave} 9. Bxc6 Bxc6 10. Na5 (10. d4 $6 {only helps for Black, because
} exd4 11. cxd4 Ba7 $15 {and Black looks nicely placed.}) 10... h6 11. Nxc6
bxc6 12. Qe2 Nd7 {and the position is balanced, Vachier Lagrave-Sargissian,
Paks 2008.}) 9. b4 {The most ambitious reaction.} (9. h3 a6 10. Bxc6 Bxc6 11.
Na5 Qd7 12. Nh4 d5 $13 {and Black is not worse, Zvjaginsev-Ki.Georgiev,
Vrnjacka Banja 2005.}) 9... Bb6 10. a4 a5 (10... a6 11. Nxb6 cxb6 12. Bc4 {
and White has a comfortable position.}) 11. Nxb6 cxb6 12. bxa5 ({The logical} 
12. Bd2 $6 {could have been met by} axb4 13. cxb4 Bg4 $1 {and Black has some
counterplay.}) 12... Nxa5 13. h3 {A natural move. White avoids the Bg4 pin and
opens a hole in his back rank for the future.} (13. Rb1 $5 {was also an
interesting alternative.}) 13... d5 $5 (13... Bxb5 14. axb5 $14 {followed by
c4. White is slightly better.}) 14. exd5 ({In the event of} 14. Nxe5 Bxb5 15.
axb5 Re8 {and Black gains back the pawn.}) 14... Bxb5 $6 (14... Nxd5 15. Bd2 f6
{and the light squares looks weak on Black's kingside, but he is solid;
White's pieces are not active enough to attack him.}) 15. axb5 Qxd5 16. c4 $1 {
Now White can gain the initiative.} Qe6 17. Bb2 (17. Re1 e4 18. Bb2 {
transposes to the game.}) 17... e4 18. Re1 Rad8 19. Bxf6 Qxf6 20. Rxe4 Nb3 $2 {
Black simply accepts the P disadvantage, he would like to activate his N from
c5. On the other hand this is not enough, White's position will be better.} (
20... Rxd3 {was important} 21. Qxd3 Qxa1+ 22. Kh2 Qf6 $14 {and the position is
clearly better for White, because the b6 and b7 Ps are weak and the N on a5 is
out of play, but still Black has some chance to survive.}) 21. Ra3 Nc5 22. Re3
$16 {White is a healthy pawn up and it is not clear, how can Black compensate
for this.} Ne6 23. Qa1 (23. Ra7 $16 {was also strong.}) 23... Qe7 24. d4 $1 Qf6
25. Re4 (25. d5 {was also possible,} Qxa1+ 26. Rxa1 Nc5 27. Nd2 {similar to
the text move.}) 25... Rd6 26. d5 Qxa1+ 27. Rxa1 Nc5 28. Re3 Rc8 29. Nd2 Rd7
30. Kf1 Kf8 31. Ne4 Rdc7 $6 {A dubious move, but Black's position was already
difficult.} (31... Nxe4 {was tougher, but} 32. Rxe4 f5 33. Rf4 Rf7 34. Re1 $16
{and White has a hopeful rook endgame.}) 32. Nd6 $1 Rd8 33. Rae1 g6 34. Re8+
Rxe8 35. Rxe8+ Kg7 36. Ke2 {and Black's position is completely hopeless, so he
resigned.} 1-0

[Event "Corus"]
[Site "Wijk aan Zee"]
[Date "2001.01.16"]
[Round "3"]
[White "Tiviakov, Sergei"]
[Black "Ivanchuk, Vassily"]
[Result "1/2-1/2"]
[WhiteElo "2597"]
[BlackElo "2717"]
[Annotator "Tiviakov,S"]
[PlyCount "48"]
[EventDate "2001.01.13"]
[EventType "tourn"]
[EventRounds "13"]
[EventCountry "NED"]
[EventCategory "19"]
[SourceTitle "CBM 081"]
[Source "ChessBase"]
[SourceDate "2001.03.20"]
[SourceVersion "1"]
[SourceVersionDate "2001.03.20"]
[SourceQuality "1"]

1. e4 e5 2. Nf3 Nc6 3. Bb5 Nf6 4. Qe2 Bc5 5. d3 Nd4 $5 (5... d6) (5... O-O) (
5... Qe7) 6. Nxd4 Bxd4 (6... exd4 $14) 7. c3 (7. Nd2 $5 {/\Nf3}) 7... Bb6 8.
Bg5 $146 (8. Bc4 $6 h6 9. Bb3 O-O 10. Be3 d5 11. Bxb6 axb6 12. O-O Re8 13. Nd2
c6 14. f4 Bg4 15. Qf2 exf4 16. Qxf4 Be2 17. Rf2 Bxd3 18. e5 Nd7 19. Qxf7+ Kh8
20. e6 Ne5 21. Qh5 Rxe6 22. Re1 Qe7 23. Re3 Re8 24. Nf1 Bxf1 25. Rxf1 Qc5 {
0-1 Weemaes,R-Levin,F/Le Touquet 1998/EXT 2000 (25)}) (8. Nd2 $5 c6 9. Ba4 d5
10. Nf3 dxe4 11. dxe4 Qe7 12. Bg5 h6 13. Bh4 $14 Bd7 14. Bg3 Bc7 15. Nd2 Bg4
16. f3 Be6 17. Bf2 Nd7 18. Bc2 Bb6 19. Nf1 Bxf2+ 20. Qxf2 Qc5 21. Qxc5 Nxc5 22.
Ne3 O-O-O 23. Ke2 a5 24. b4 axb4 25. cxb4 Na6 26. a3 Nc7 27. Bd3 Rd4 28. Rab1
Rhd8 29. Rhd1 f6 30. a4 R8d6 31. Bc4 Bxc4+ 32. Nxc4 Rxd1 33. Rxd1 Rxd1 34. Kxd1
Kd7 35. Nb6+ Kd6 36. Nc4+ Kd7 37. Nb6+ Kd6 38. Nc4+ {1/2-1/2 Paehtz,E-Nieves,G/
Istanbul TUR 2000/The Week in Chess 314 (38)}) (8. O-O) 8... O-O 9. Nd2 d5 $5 (
9... c6 10. Ba4 d5 {- 9...d5 10.Ba4 c6} (10... d6)) (9... d6) 10. Ba4 $5 {
[/\11.Bf6 gf 12.ed; /\11.ed]} (10. Bxf6 gxf6 11. Nf3 $13 {/\Nh4} (11. exd5 $6
Qxd5 {ץb5, g2})) 10... c6 $8 11. Bb3 (11. O-O $6 Bg4 $1 12. Nf3 $11 (12. Qe1
Qd6 $15)) 11... Be6 {[><d5]} 12. Nf3 (12. O-O Bg4 $5 (12... Qd6 13. Bxf6 gxf6
14. Qf3 $14) 13. Nf3 Qd6 $13 (13... Re8 $5)) 12... dxe4 (12... Bc7 $14) 13.
dxe4 Qe7 (13... Bxb3 14. axb3 Qe7 15. O-O $14) 14. Bc2 (14. O-O $5 h6 $5 (14...
Bxb3 15. axb3 h6 16. Bxf6 Qxf6 17. Nd2 Rfd8 18. Nc4 Bc7 19. b4 a6 20. Rfd1 $14)
) 14... Bc7 {[><e5]} 15. O-O h6 16. Bh4 g5 $5 (16... Rad8) (16... Rfd8) 17. Bg3
Bg4 18. h3 Bh5 19. Rfd1 Rfd8 $11 20. Rxd8+ (20. a3 $5) 20... Rxd8 21. Rd1 Rxd1+
22. Qxd1 (22. Bxd1 $6 $15 {><e4}) 22... Nd7 23. Bh2 f6 24. a3 (24. g4 $5 {
(Ivanchuk)} Bg6 (24... Bf7 25. Nd4 $5 exd4 26. Bxc7 dxc3 27. bxc3 Bxa2 28. Bb3+
Bxb3 29. Qxb3+ Kg7 30. Qxb7 $11)) 24... Nc5 {[25.b4 Ne6 26.Qd3=]} 1/2-1/2

[Event "Carlsberg Match Short-Torre +1-1=4"]
[Site "Manila"]
[Date "1988.10.18"]
[Round "2"]
[White "Short, Nigel D"]
[Black "Torre, Eugenio"]
[Result "1/2-1/2"]
[WhiteElo "2665"]
[BlackElo "2555"]
[Annotator "Torre,E"]
[PlyCount "84"]
[EventDate "1988.10.17"]
[EventType "match"]
[EventRounds "6"]
[EventCountry "PHI"]
[SourceTitle "EXT 2019"]
[Source "ChessBase"]
[SourceDate "2018.10.10"]
[SourceVersion "1"]
[SourceVersionDate "2018.10.10"]
[SourceQuality "1"]

1. e4 e5 2. Nf3 Nc6 3. Bb5 Nf6 4. O-O Bc5 5. c3 O-O 6. d4 Bb6 7. Re1 d6 8. h3
Bd7 9. Na3 a6 10. Ba4 Ba7 11. Bg5 h6 12. Bh4 Qe7 13. Nc2 Nb8 14. Bb3 c6 15.
dxe5 dxe5 16. Bg3 Rd8 17. Qe2 Be6 18. Bxe6 Qxe6 19. Bxe5 Nbd7 20. Ncd4 (20. Bg3
Nc5 21. e5 Nfe4 $44) 20... Bxd4 21. Bxd4 c5 22. Bxf6 Nxf6 23. c4 Rd7 24. e5 Nh7
25. Rad1 Rad8 26. Rxd7 Rxd7 27. b3 Nf8 28. Rd1 Rxd1+ 29. Qxd1 Qf5 30. h4 Ne6
31. g3 b5 32. a4 bxa4 33. bxa4 a5 34. Qd5 Qb1+ 35. Kg2 Qb4 36. Nd2 Qxa4 37. Ne4
Qe8 38. Nd6 Qd7 39. f4 a4 40. f5 Nd4 41. Kh2 Nxf5 42. Qxc5 Qe6 1/2-1/2

[Event "Zuerich Chess Challenge"]
[Site "Zuerich"]
[Date "2014.02.03"]
[Round "5"]
[White "Anand, Viswanathan"]
[Black "Carlsen, Magnus"]
[Result "1/2-1/2"]
[WhiteElo "2773"]
[BlackElo "2872"]
[Annotator "Vidit,S"]
[PlyCount "80"]
[EventDate "2014.01.30"]
[EventType "tourn"]
[EventRounds "5"]
[EventCountry "SUI"]
[EventCategory "22"]
[SourceTitle "CBM 159"]
[Source "ChessBase"]
[SourceDate "2014.03.17"]
[SourceVersion "1"]
[SourceVersionDate "2014.03.17"]
[SourceQuality "1"]

{This was the first classical game after the World Championship match and I
was anticipating a tough fight. But unfortunately the Berlin wall is just too
solid :)} 1. e4 e5 2. Nf3 Nc6 3. Bb5 Nf6 4. d3 Bc5 5. Bxc6 dxc6 6. h3 Nd7 7.
Be3 $5 {A surprising choice as Carlsen on the previous day used this line with
the white pieces to defeat Caruana in a brilliant way!} Bd6 8. Nbd2 (8. Nc3 c5
9. O-O Nf8 10. Nd2 Ng6 11. Nc4 Be6 12. Ne2 Qd7 13. Nxd6+ cxd6 14. f4 exf4 15.
Nxf4 Nxf4 16. Rxf4 b6 17. Qh5 d5 18. d4 c4 19. b3 Qc6 20. Raf1 O-O-O 21. bxc4
Qxc4 22. Rxf7 Bxf7 23. Rxf7 Rd7 24. Rxd7 Kxd7 25. exd5 g6 26. Qg4+ Kc7 27. Qe6
Kb7 28. Qe7+ Qc7 29. Qe4 Qd7 30. d6+ Ka6 31. Bf4 Rc8 32. Kh2 Rc4 33. Bg3 Rc8
34. Qd3+ Kb7 35. c4 Qc6 36. Qb3 Ka8 37. a4 Re8 38. a5 Kb7 39. c5 Kc8 40. axb6
axb6 41. d5 Qxc5 42. Qa4 Re3 43. Qa8+ Kd7 44. Qb7+ Ke8 45. d7+ Kd8 46. Bh4+ Re7
47. Qc8+ {1-0 (47) Carlsen,M (2872)-Caruana,F (2782) Zurich SUI 2014}) 8... O-O
9. O-O Re8 10. Nc4 Nf8 11. d4 {A questionable decision. The game now
immediately peters out to a draw.} (11. a4 $5) 11... exd4 12. Qxd4 c5 13. Qd3
b6 14. Nxd6 Qxd6 15. Qxd6 cxd6 16. Rfd1 Bb7 17. Rxd6 Bxe4 18. Ne1 Rad8 $11 {
The game is completely drawish now.} 19. Rad1 Ne6 20. Rxd8 Rxd8 21. Rxd8+ Nxd8
22. f3 Bd5 23. a3 Nc6 24. Kf2 f6 25. Nd3 Kf8 26. Ke2 Ke7 27. Kd2 Kd7 28. Nf4
Bf7 29. b3 Ne7 30. h4 Nd5 31. Nxd5 Bxd5 32. Bf4 Kc6 33. Bg3 Bf7 34. Bf4 Bg6 35.
Bg3 Bf7 36. Bb8 a6 37. Bf4 Bg6 38. Bg3 Bh5 39. Bf2 Bf7 40. Bg3 Bg6 {Not much
happened in the game. White didn't get anything out of the opening and the
game was soon equal.A typical berlin affair.} 1/2-1/2

[Event "Khanty-Mansiysk FIDE GP"]
[Site "Khanty-Mansiysk"]
[Date "2015.05.22"]
[Round "8"]
[White "Caruana, Fabiano"]
[Black "Jakovenko, Dmitrij"]
[Result "0-1"]
[WhiteElo "2803"]
[BlackElo "2738"]
[Annotator "Wagner,D"]
[PlyCount "94"]
[EventDate "2015.05.14"]
[EventType "tourn"]
[EventRounds "11"]
[EventCountry "RUS"]
[EventCategory "21"]
[SourceTitle "CBM 167"]
[Source "ChessBase"]
[SourceDate "2015.07.13"]
[SourceVersion "1"]
[SourceVersionDate "2015.07.13"]
[SourceQuality "1"]
[TimeControl "40/7200:20/3600:900+30"]

1. e4 {[%emt 0:00:03]} e5 {[%emt 0:00:04]} 2. Nf3 {[%emt 0:00:05]} Nc6 {
[%emt 0:00:03]} 3. Bb5 {[%emt 0:00:05]} Nf6 {[%emt 0:00:03]} 4. d3 {[%emt 0:00:
04]} Bc5 {[%emt 0:00:06]} 5. Nbd2 $5 {[%emt 0:00:17] This specific move order
has been becoming popular recently in the Anti-Berlin with 5.d3.} (5. Bxc6 dxc6
6. Nbd2 Be6 $5 {Here Black can prevent Nc4.} (6... O-O {would transpose back
to the game.})) 5... O-O {[%emt 0:00:07]} (5... d6 {Here Black is forced to
take back on c6 with the b-pawn.} 6. O-O O-O 7. Bxc6 bxc6 8. h3 $5) (5... Nd4 {
at once is an alternative.}) 6. Bxc6 $5 {[%emt 0:00:30]} (6. O-O Nd4 {
Jakovenko likes playing lines with ...Nd4.}) 6... dxc6 {[%emt 0:00:08]} (6...
bxc6 $6 7. Nxe5 {drops a pawn now.}) 7. Nc4 {[%emt 0:00:23] compared to the
move order with 6.Bxc6 Black has already decided on castling and thereby
allowed Nc4.} Nd7 {[%emt 0:00:10]} 8. Be3 {[%emt 0:00:43]} (8. O-O Re8 9. Bd2
$5 {[%cal Gb2b4,Ga2a4] is another arrangement of the pieces, with the plan of
playing on the queenside.} (9. Be3 {gives Black the additional possibility} Bf8
$1 10. a4 c5 11. Qe1 b6 12. Kh1 Ba6 13. b3 Bd6 14. Nfd2 Nf8 15. Nxd6 cxd6 16.
c4 Ne6 $11 {1/2-1/2 (34) Adams,M (2720)-Jakovenko,D (2732) Eilat 2012}) (9. a4
Bf8 10. Kh1 f6 11. Ng1 Nc5 12. b3 Ne6 $11 {1/2-1/2 (40) Malakhov,V (2706)
-Jakovenko,D (2742) Sochi 2015}) 9... Bd6 10. b4 Nf8 11. a4 f6 {Here Black is
pretty solid, too.}) 8... Bd6 {[%emt 0:02:09]} (8... f6 {is also played:} 9.
O-O b6 10. Nh4 a5 11. Qg4 Bxe3 12. Nxe3 Nc5 13. Nef5 Bxf5 14. Nxf5 g6 15. h4
Kh8 16. Ne3 {1/2 (27) Ivanchuk,V (2753) -So,W (2731) Havana 2014, White had
slight pressure.}) 9. O-O {[%emt 0:07:51]} Re8 {[%emt 0:01:00]} 10. Nfd2 {
[%emt 0:01:35]} (10. d4 {is pretty harmless.} exd4 11. Nxd6 cxd6 12. Qxd4 Qf6
$1 (12... Ne5 13. Nxe5 dxe5 14. Qxd8 Rxd8 15. Rfd1 Re8 16. a4 $36 {1/2 (51) -1/
2 (51) Leko,P (2730) -Giri,A (2734) Beijing 2013}) 13. Nd2 Qxd4 14. Bxd4 c5 15.
Be3 b6 16. Nc4 Ba6 17. Nxd6 Bxf1 18. Nxe8 Rxe8 19. Kxf1 Rxe4 $11 {1/2 (30) -1/
2 (30) Yu,Y (2697)-So,W (2755) Las Vegas 2014}) 10... Nf8 {[%emt 0:04:48]} 11.
Qh5 $146 {[%emt 0:08:58] Since the immediate f4-break doesn't yield anything,
White activates his queen first. Anyway I don't see any problems for Black,
because he has achieved a harmonious setup.} (11. Nxd6 cxd6 12. f4 exf4 13.
Bxf4 Be6 14. b3 Ng6 15. Bg3 Qd7 16. h3 f6 $11 {1/2 (47)-1/2 (47) Popov,I (2653)
-Jumabayev,R (2564) Moscow 2014. Black easily achieved equality.}) 11... Be6 {
[%emt 0:05:30]} 12. h3 {[%emt 0:15:22] It seems like Caruana didn´t know what
to do, which is understandable, as Black is prepared well for f4, while the d2,
c4-knight construction looks rather clumsy.} (12. f4 $6 exf4 13. Bxf4 Bxf4 14.
Rxf4 b5 $1 $15 {[%cal Gd8d4]}) (12. Nxd6 cxd6 13. f4 exf4 14. Rxf4 $11) 12...
Ng6 {[%emt 0:04:42]} 13. g3 {[%emt 0:07:38] White's play is very provocative.
He wants to control the f4-square in order to prepare f2-f4 for the future.}
Qd7 {[%emt 0:05:28]} 14. Kh2 {[%emt 0:00:36]} f5 $6 {[%emt 0:15:46] It´s
always a big question in this structure, if Black should go for f5 or not.
Because White has weakened his kingside this move is rather tempting, but has
also major drawbacks. White gets full control over the e4-square and finally
finds a useful job for his d2-knight.} (14... Bf8 {I think that it's better to
keep the status quo where Black doesn´t have any weaknesses, as White is the
one having problems in finding a useful idea. I would prefer being Black here.}
15. f4 {is countered by} exf4 16. gxf4 f5 $1 $11 17. Nf3 $1 {is enough for
keeping the balance.} fxe4 18. Ng5 h6 19. Nxe4 Bxc4 20. Qxg6 Qe6 21. Qxe6+ Bxe6
$11) (14... c5 $5 15. f4 exf4 16. gxf4 f5 $1 $132) 15. exf5 {[%emt 0:02:46]}
Bxf5 {[%emt 0:00:04]} 16. Ne4 {[%emt 0:00:18] Now White is the one with
clear-cut play, while Black has to prove compensation for his bad structure.}
Rf8 {[%emt 0:08:31]} 17. Rae1 {[%emt 0:00:59]} Rae8 {[%emt 0:03:28]} (17... Ne7
{The knight has to be transferred to d5 in any case, so it makes sense to
start this manoeuvre at once.} 18. Bd2 Nd5 19. Ne3 Nxe3 20. Rxe3 b6 $11) 18.
Bd2 $1 {[%emt 0:06:28]} (18. Bxa7 {is refuted by} Bb4 $1 19. Re2 b6 {[%csl Ra7]
}) 18... Ne7 {[%emt 0:08:14]} 19. Ne3 {[%emt 0:15:52]} Bg6 {[%emt 0:01:03]} 20.
Qg4 {[%emt 0:00:05]} Qd8 {[%emt 0:00:15]} (20... Nf5 $1 {The activation of
this knight is necessary sooner or later.} 21. Bc3 Qf7 22. Nc4 Qd5 $11) 21. Ng5
{[%emt 0:05:15]} Rf6 $6 {[%emt 0:01:58]} (21... Nf5 $142 {It would have been
better to coordinate the pieces.} 22. Nxf5 (22. Qc4+ Kh8 23. Ne6 $2 Rxe6 24.
Qxe6 Nd4 $19) 22... Rxf5 23. h4 Be7 24. f3 (24. Ne4 Ref8) 24... Qd7 $14 {
Black can hope to compensate his broken structure.}) 22. h4 {[%emt 0:08:12]} (
22. Qa4 $5 {[%cal Ga4a7,Ga4b3] with a double attack is also interesting.} Qb8 {
Now it´s worth comparing the two queens.} 23. d4 $1 {exchanging one weakness
but gaining activity for the pieces.} exd4 24. Qxd4 $36 {[%cal Gd2c3,Ge3g4]})
22... Nd5 {[%emt 0:13:14]} 23. Qc4 {[%emt 0:03:34]} Kh8 $6 {[%emt 0:04:14]
Black won't have enough compensation for the pawn.} (23... Bf8 24. Ng4 Rf5 25.
f3 {Black if facing a tedious defence, but has enough resources for defending.}
Kh8 26. Qb3 $1 {provoking further weakenings.} b6 (26... b5 27. a4 $14) 27. Qa4
$14) 24. Nxd5 {[%emt 0:10:24]} cxd5 25. Qxd5 {[%emt 0:00:05]} e4 {[%emt 0:01:
24]} 26. Kg1 {[%emt 0:00:45]} exd3 {[%emt 0:13:54]} 27. cxd3 $2 {[%emt 0:00:20]
Surprisingly this natural recapture spoils a major part of the advantage.} (27.
Bc3 $1 {is a strong intermediate move, destroying Black´s coordination and
forcing him to sacrifice the exchange.} Rxe1 (27... Rf5 28. Qd4 Rg8 29. cxd3
$16 {with a much better version of the game}) 28. Rxe1 dxc2 $1 (28... c6 29.
Bxf6 Qxf6 30. Qa5 $1 h6 (30... dxc2 31. h5 $1 Bxh5 32. Ne4 $18) 31. h5 $1 Bxh5
32. Ne4 Qe5 33. Qxe5 Bxe5 34. cxd3 $18) 29. Bxf6 Qxf6 30. Qxb7 h6 31. Qc8+ Qf8
32. Qxf8+ Bxf8 33. Nf3 Be4 $1 (33... Kg8 34. Rc1 $18) 34. Nd4 c5 35. Nb3 $1 (
35. Ne2 c4 36. Rc1 Bc5 37. Kf1 g6 38. Ke1 Bf5 39. Kd2 Bxf2 40. Rf1 Bb6 $44)
35... c4 36. Na1 $1 {a very nice knight manouvre!} Bb4 (36... c3 37. bxc3 Ba3
38. Nxc2 Bxc2 39. c4 $16) 37. Rc1 Bd2 38. Rxc2 Bxc2 39. Nxc2 $16 {with winning
chances.}) 27... h6 {[%emt 0:02:42]} 28. Ne4 {[%emt 0:04:59]} (28. Rxe8+ {
I believe that it´s better to exchange one pair of rooks.} Bxe8 29. Ne4 Bc6 30.
Qh5 Re6 31. Bc3 Bf8 (31... Qe8 32. Qg4 $14) 32. Re1 $14) 28... Rfe6 {[%emt 0:
03:13] It's difficult to convert the extra pawn against Black's bishop pair,
which cannot be eliminated, since after the exchange of the knight on e4
against the d6-bishop the opposite-coloured bishops and the weakness of the
light squares give Black decent play.} 29. Bc3 {[%emt 0:02:19]} ({After} 29.
Nxd6 Qxd6 $1 30. Qxb7 Bxd3 31. Rxe6 Rxe6 32. Rc1 Be4 33. Qb4 Qd7 34. Bf4 c6 {
Black has compensation on the light squares.}) 29... Bf8 $1 {[%emt 0:01:58]}
30. Qb3 {[%emt 0:02:28]} (30. Qxd8 Rxd8 31. Re3 Kg8 $44) 30... b6 {[%emt 0:01:
37]} 31. Re3 {[%emt 0:00:00]} Bc5 $1 {[%emt 0:06:34]} 32. Rf3 {[%emt 0:00:05]}
(32. Nxc5 Rxe3 33. fxe3 Qd6 $1 34. Rf3 Qxc5 35. Kf2 Kh7 $44) 32... Bd4 {
[%emt 0:00:17]} (32... Bxe4 $5 {is possible as well} 33. dxe4 Rxe4 34. Rd1 Bd4
35. Rf7 {Black can escape the pin in style:} (35. Rfd3 c5 $11) 35... Qa8 $1 (
35... c5 $5 $11) 36. Kh2 c5 $11) 33. Re1 {[%emt 0:05:06]} c5 {[%emt 0:02:51]}
34. Rf4 {[%emt 0:00:44]} Bxc3 {[%emt 0:00:11]} 35. Qxc3 {[%emt 0:03:44]} Qd5 {
[%emt 0:00:53] Now it's already impossible to keep any edge and confronted
with this upleasant turnaround, Caruana blunders!} 36. Qb3 $4 {[%emt 0:00:37]}
(36. a3 Bxe4 37. Rf7 Qe5 38. Qxe5 Rxe5 39. dxe4 Rxe4 40. Rxe4 Rxe4 41. Rxa7
Re1+ 42. Kg2 Rb1 $11) 36... c4 $1 37. Qc3 (37. dxc4 Qa5 $1 $19 {Propably he
missed this riposte!}) 37... cxd3 {[%emt 0:00:22] White´s position is
immediately hopeless.} 38. f3 {[%emt 0:00:03]} Bxe4 {[%emt 0:01:55]} 39. fxe4 {
[%emt 0:00:05]} Rxe4 {[%emt 0:00:03]} 40. Rexe4 {[%emt 0:00:00]} Rxe4 {[%emt 0:
00:00]} 41. Rf2 {[%emt 0:12:36]} Re3 {[%emt 0:05:59]} 42. Kh2 {[%emt 0:00:53]}
Qe4 {[%emt 0:02:21]} 43. Qc8+ {[%emt 0:12:41]} Kh7 {[%emt 0:01:25]} 44. Rf4 {
[%emt 0:00:09]} Re2+ {[%emt 0:02:29]} 45. Kh3 {[%emt 0:00:09]} Qg2+ {[%emt 0:
00:32]} 46. Kg4 {[%emt 0:00:04]} h5+ {[%emt 0:00:23]} 47. Kxh5 {[%emt 0:00:46]}
Qxg3 {[%emt 0:00:09] A lucky turn-around for Jakovenko after putting up great
resistance, that put him back into contention for one of the two qualification
spots.} 0-1

[Event "Veterans-Women"]
[Site "Monte Carlo"]
[Date "1994.??.??"]
[Round "5"]
[White "Polgar, Judit"]
[Black "Spassky, Boris Vasilievich"]
[Result "1/2-1/2"]
[WhiteElo "2630"]
[BlackElo "2565"]
[Annotator "Wedberg,T"]
[PlyCount "124"]
[EventDate "1994.06.??"]
[EventType "schev"]
[EventRounds "6"]
[EventCountry "MNC"]
[SourceTitle "CBM 042"]
[Source "ChessBase"]
[SourceDate "1994.10.01"]
[SourceVersion "1"]
[SourceVersionDate "1994.10.01"]
[SourceQuality "1"]

1. e4 e5 2. Nf3 Nc6 3. Bb5 Nf6 4. Qe2 d6 5. O-O Bd7 6. c3 g6 7. d4 Qe7 8. dxe5
(8. d5 Nb8 9. Bd3 (9. c4 $5) 9... Bg7 10. c4 Na6 11. Nc3 O-O $14) 8... dxe5 9.
a4 Bg7 10. b3 {/\ Ba3} Nh5 11. g3 Qf6 12. Bg5 (12. Ba3 Bg4 13. Kg2 (13. Nbd2 $4
Bh6 $19) 13... O-O-O (13... Qe6 $6 14. Rd1 $16 {>< Ke8}) 14. h3 Bxf3+ 15. Qxf3
Qxf3+ 16. Kxf3 f5 $13) 12... Qe6 13. Nbd2 Qg4 14. Kh1 O-O 15. Be3 Nf6 16. Rad1
Rad8 17. Ng1 Qxe2 18. Bxe2 b6 $10 19. f3 Nh5 20. b4 f5 21. a5 f4 22. Bf2 fxg3 (
22... g5 $6 23. g4 Nf6 24. h4 h6 25. Nh3 $14) 23. hxg3 g5 24. Nc4 (24. f4 $6 g4
25. f5 Nf6 $15 {>< e4}) 24... g4 $1 25. Ne3 (25. fxg4 Nf6 $132) 25... Nf6 26.
Kg2 gxf3+ 27. Bxf3 bxa5 28. b5 Ne7 29. c4 c6 30. bxc6 Nxc6 31. Nd5 Rf7 32. Ne2
Ng4 33. Bg1 h5 34. Rb1 Be6 35. Nec3 Nd4 36. Bd1 Rxf1 37. Kxf1 Bf8 38. Rb7 Rd7
39. Rb8 Kg7 40. Kg2 Rf7 41. Nf4 Bd7 $1 (41... exf4 42. Bxd4+ Kh6 43. gxf4 Rxf4
44. c5 $14) 42. Rb7 (42. Nxh5+ $2 Kh6 43. Nf4 exf4 44. Bxd4 Ne3+ $15) 42... Nf6
{/\ Bh3} 43. Rb1 Bb4 44. Ncd5 Nxe4 45. Bxh5 (45. Nxh5+ Kg6 46. Bxd4 exd4 47.
Nhf4+ Kg5 $15) 45... Rf8 46. Ng6 Rf5 47. Nxe5 $1 {What a knightmare!} Nc2 (
47... Rxh5 $2 48. Bxd4 $40 Bh3+ 49. Kg1 Nxg3 50. Nf4 $18) 48. Nxd7 Rxh5 49. g4
Ne1+ $1 (49... Rg5 50. Kh3 $14) 50. Rxe1 (50. Kf1 $2 Nd2+ 51. Kxe1 Nxb1+ 52.
Nxb4 Rh1 $19) 50... Rxd5 51. Rxe4 Rxd7 52. c5 $2 (52. Bd4+ $14) 52... Rd2+ 53.
Kf3 Rc2 $10 54. Re7+ Kg6 55. Bd4 (55. Rxa7 Bxc5 56. Rc7 Rc3+ 57. Kg2 Bb4 $10)
55... Rc4 (55... Bxc5 $2 56. Rc7 $16) 56. Rg7+ Kh6 57. g5+ Kh5 58. Be3 Bxc5 59.
Rh7+ Kg6 60. Rh6+ Kg7 61. Rc6 Bxe3 62. Rxc4 Bxg5 1/2-1/2